000 04144ngm a2200577 4500
001 DVD-000120
003 dpl
005 20080722174142.0
007 DVD
008 060926p19991992cau115 e vleng d
010 _aDVD-00012 DVD-001056-1057 & DVD-005316-5320
024 _a25227
_c499.00, 299.00 (Revised Price)
035 _aDVD-00012 DVD-001056-1057
035 _aDVD-005316-5320
040 _aDPL
_cDPL
082 _aDVD / ALIE
245 _aAlien 3
_h[videorecording(DVD)] /
_ca Brandywine production ; Twentieth Century Fox ; director, David Fincher ; producers, Gordon Carroll, David Giler, Walter Hill ; screenplay, David Giler, Walter Hill, Larry Ferguson ; story, Vincent Ward.
246 _aAlien three.
250 _aSpecial Edition
260 _aBeverly Hills, Calif.
_bTwentieth Century Fox Home Entertainment,
_cc1992.
300 _a2 videodisc DVD (115 min.) :
_bsd., col. ;
_c4 3/4 in.
440 _aAlien legacy.
500 _aOriginally produced as a motion picture by 20th Century Fox in 1992.
500 _aIncludes "The making of Alien 3" and original theatrical trailer.
508 _aDirector, David Fincher ; producers, Gordon Carroll, David Giler, Walter Hill ; screenplay, David Giler, Walter Hill, Larry Ferguson ; story, Vincent Ward ; based on characters created by Dan O'Bannon, Ronald Shusett ; music, Elliot Goldenthal.
511 _aSigourney Weaver, Charles S. Dutton, Charles Dance.
520 _aWhen Ripley survives a crash landing on Fiorina 161, a bleak prison planet, the convicts soon begin turning up dead and she realizes she wasn't the only survivor.
521 _aRated R.
538 _aDVD; letterbox widescreen format (aspect ratio: 2.35:1); English 5.1 Surround; English Dolby Surround; French Dolby Surround; interactive menus; scene selection.
546 _aSubtitles in English and Spanish; closed-captioned for the hearing impaired.
655 _aScience fiction films.
_2lcsh.
655 _aFeature films.
_2lcsh.
700 _aWeaver, Sigourney,
_d1949-
700 _aDutton, Charles S.
700 _aDance, Charles.
700 _aFincher, David.
710 _aTwentieth Century Fox Home Entertainment, Inc.
710 _aTwentieth Century-Fox Film Corporation.
730 _aMaking of Alien 3.
942 _cCF
_2ddc
_hDVD
_mALIE
999 _c14541
_d14541